|
|
|
|
| LEADER |
00000nem a2200000 a 4500 |
| 001 |
vtls009493571 |
| 003 |
SK-MaSNL |
| 005 |
20260302080522.0 |
| 007 |
aj canzn |
| 008 |
251029s2009 xo ag a 0 slo |
| 015 |
|
|
|a SNBC2010/01-00735
|
| 020 |
|
|
|a 9788089349173
|
| 034 |
1 |
|
|a a
|b 35000
|
| 040 |
|
|
|a SNK
|b slo
|c SNK
|e AACR2
|
| 041 |
0 |
|
|a slo
|
| 043 |
|
|
|a e-xo---
|
| 044 |
|
|
|a xo
|c SK
|
| 072 |
|
7 |
|a 913(4)
|x Geografia Európy, reálie, cestovanie
|2 konspekt
|
| 080 |
|
|
|a 796.51
|2 2001
|
| 080 |
|
|
|a 913(437.6-191.2)
|2 2001
|
| 080 |
|
|
|a (234.372.4)
|2 2001
|
| 080 |
|
|
|a 912.43:796.5
|2 2001
|
| 080 |
|
|
|a (084.3)
|2 2001
|
| 245 |
0 |
0 |
|a Kremnické vrchy
|h kartografický dokument
|b turistická mapa
|
| 250 |
|
|
|a [1. vyd.]
|
| 255 |
|
|
|a Mierka 1:35 000
|
| 260 |
|
|
|a Banská Bystrica
|b BB-MAPY
|c 2009
|
| 300 |
|
|
|a 1 mapa
|b fareb.
|c 107 x 83 cm, zložené na 21 x 12 cm
|
| 490 |
1 |
|
|a Edícia turistických máp 1:35 000
|v 3501
|
| 500 |
|
|
|a Na rube stručný vlastivedný text
|
| 500 |
|
|
|a Doplnková mapa 1:8 000
|
| 650 |
0 |
7 |
|a pešia turistika
|2 SNKPH
|9 1059
|
| 651 |
|
7 |
|a Kremnické vrchy (Slovensko : pohorie)
|2 SNKPH
|9 19876
|
| 655 |
|
7 |
|a turistické mapy
|2 SNKPH
|9 70551
|
| 655 |
|
7 |
|a skladané mapy
|2 SNKPH
|9 304180
|
| 655 |
|
7 |
|a mapy pre verejnosť
|2 SNKPH
|9 304181
|
| 830 |
|
0 |
|a Edícia turistických máp 1:35 000
|9 744734
|
| 919 |
|
|
|a 978-80-89349-17-3
|
| 999 |
|
|
|c 1173421
|d 1175351
|
| 952 |
|
|
|a SNK
|b SNK
|y PREZ
|7 0
|p 17A0619407
|o snkSLCm 2761
|i snk2009/7408
|8 0
|0 0
|1 0
|4 0
|d 2009-04-20
|l 0
|r 2026-02-24 21:12:23
|w 2026-02-24
|
| 952 |
|
|
|a SNK
|b SNK
|y VYP
|7 0
|p 17A0619408
|o snkSLCm 2761 D1
|i snk2009/7409
|8 0
|0 0
|1 0
|4 0
|d 2009-04-20
|l 0
|r 2026-02-24 21:12:24
|w 2026-02-24
|